=LDR 00000nam 2200000 4500 =001 INLIS000000000021516 =005 20130612120355 =008 ***********************************Ind** =035 ##$$0010-061300000021516 =041 ##$$a Ind =082 ##$$a 371.26 =090 ##$$a 371.26, Mar i =100 ##$$a Maryani, Yani =245 ##$$a Intisari bahasa indonesia untuk SD kelas 4,5 dan 6, Dra. Yani Maryani =260 ##$$a 2005 $b Bandung =300 ##$$a 272 hlm, ilus, 28 cm =650 ##$$a Bahasa Indonesia =850 ##$$a NBPNMAT